000
00300nam a2200121Ia 4500
008
191201s2012 xx 000 0 und d
100
_a
BANSAL,Rashmi
245
0
_a
Connect the dots
260
_a
N. delhi
_b
Chennai Westland LTD
_c
2012
300
_a
335
650
_a
General Books
942
_2
ddc
_c
BK
_0
87
999
_c
6683
_d
6683